La crisis económica de Honduras ¿Hay realmente respuesta?/
Este ensayo presenta algunas reflexiones en torno a cómo se podría enfrentar la crisis que vive la sociedad hondureña especialmente en el ámbito de su economía. El objetivo del mismo es estimular el surgimiento de nuevas ideas, el afinamiento de nuevos conceptos de desarrollo así como la redefición...
Uloženo v:
| Hlavní autor: | |
|---|---|
| Médium: | Kniha |
| Jazyk: | Spanish |
| Vydáno: |
Teguciagalpa, Honduras:
sin editor
1983
|
| Témata: | |
| Tagy: |
Přidat tag
Žádné tagy, Buďte první, kdo vytvoří štítek k tomuto záznamu!
|
MARC
| LEADER | 00000nam a22000007a 4500 | ||
|---|---|---|---|
| 003 | cru CIDCACS/IIS | ||
| 005 | 20230523143813.0 | ||
| 008 | 230513b1983 ho ||||| |||| 00| 0 spa d | ||
| 040 | |c cru CIDCACS/IIS | ||
| 090 | |a 03.02.04 D542c | ||
| 100 | 1 | |9 11316 |a Díaz Arrivillaga, Efraín | |
| 245 | |a La crisis económica de Honduras |b ¿Hay realmente respuesta?/ |c Efraín Díaz Arrivillaga | ||
| 260 | |a Teguciagalpa, Honduras: |b sin editor |c 1983 | ||
| 300 | |a 18 hojas | ||
| 500 | |a Colección Centro América | ||
| 520 | |a Este ensayo presenta algunas reflexiones en torno a cómo se podría enfrentar la crisis que vive la sociedad hondureña especialmente en el ámbito de su economía. El objetivo del mismo es estimular el surgimiento de nuevas ideas, el afinamiento de nuevos conceptos de desarrollo así como la redefición y replanateamiento de los criterios que informar el diseño de las estrategias de desarrollo | ||
| 650 | 0 | |9 6343 |a CRISIS ECONOMICA | |
| 650 | 0 | |9 4723 |a ECONOMIA POLITICA | |
| 651 | 4 | |9 2652 |a HONDURAS | |
| 942 | |2 z |c LITG |h 03.02.04 D542c |i 11672 |6 030204_D542C_11672 | ||
| 999 | |c 44960 |d 44960 | ||
